000 00565cam a2200193 4500500
005 20260329003818.0
041 _afre
042 _adc
100 1 0 _aPortevin, Catherine
_eauthor
245 0 0 _aLe génie de la bêtise
260 _c2017.
500 _a72
690 _aBêtise
690 _aDenis Grozdanovitch
690 _aFlaubert
690 _aHusserl
786 0 _nPhilosophie magazine | 107 | 3 | 2017-03-01 | p. 55-55 | 1951-1787
856 4 1 _uhttps://shs.cairn.info/magazine-philosophie-magazine-2017-3-page-55?lang=fr&redirect-ssocas=7080
999 _c1827896
_d1827896